| 000 | 00431nam a2200169 a 4500 | ||
|---|---|---|---|
| 001 | 0000-8594 | ||
| 003 | ELIB.Books | ||
| 008 | 110520 1968 | ||
| 035 | _a(ELIB.Books)0000-8740 | ||
| 082 |
_a232 _bWil |
||
| 100 | _aWilson, Ernest C. | ||
| 245 | _aThe Week that Chaned the World | ||
| 260 |
_bUnity Village: Unity Books _c1968 |
||
| 650 | _aJesus Christ | ||
| 942 |
_2ddc _cBK |
||
| 998 |
_cbat _e2011-05-20 |
||
| 999 |
_c8594 _d8594 |
||